00434cam a2200157ua 45000010005000000080039000050400009000440820008000531000032000612450055000932500009001482600054001573000017002116530014002286530034002421860110811n ii |||gr||||Z||||||eng cMAIN a378 aed. Sarma, Achyut,eAuthor.1 aChallenge of higher educationced. by Achyut Sarma a1st. aGuahati:bAssam college teachers association,987. a239p:c23cm. aEducation aChallenge of higher education